| 000 | 00902nam a22002537a 4500 | ||
|---|---|---|---|
| 008 | 160808b xxu||||| |||| 00| 0 eng d | ||
| 010 | _a1617EN ENG-100531 | ||
| 020 |
_a9780198072072 _c695.00 |
||
| 035 | _aB-651553-558 | ||
| 035 | _aEN-100531 | ||
| 037 |
_adpl _bPragati |
||
| 037 | _bDBAD/PUB | ||
| 082 | _a658.15 | ||
| 100 | _aSrivastava, Rajiv | ||
| 245 |
_aFinancial management / _cby Rajiv Srivastva and Anil Misra |
||
| 250 | _a6th ed. | ||
| 260 |
_aNew Delhi _bOxford University Press _c2015 |
||
| 270 |
_aYMCA Building Jai Singh Road _bNew Delhi _e110001 |
||
| 300 |
_axiv, 816 p. _c28cm _bcolour illus. |
||
| 500 | _aIncludes index | ||
| 700 | _a Misra, Anil | ||
| 942 |
_2ddc _cEN _h658.15 _mSRI |
||
| 999 |
_c101950 _d101950 |
||